000
00260nam a2200097Ia 4500
001
653736
005
20250826154504.0
008
250824s9999 xx 000 0 und d
245
0
_a
4 BÜYÜLÜ SÜPÜRGE SERVİSİ
_c
ANN JUNGMAN
260
_b
GÜNIŞIĞI YAYINLARI
999
_c
653736
_d
653736